[Event "71st RUS-ch Higher League 2018"]
[Site "Yaroslavl"]
[Date "2018.06.27"]
[Round "2"]
[White "Sychev, Klementy"]
[Black "Girya, Olga"]
[Result "1-0"]
[WhiteElo "2527"]
[BlackElo "2457"]
[Annotator "TA"]
[PlyCount "89"]
[EventDate "2018.06.26"]
[EventType "swiss"]
[EventCountry "RUS"]
[SourceTitle "playchess.com"]
[Source "ChessBase"]
[SourceQuality "1"]

{[%evp 14,89,33,31,29,31,31,25,22,26,20,20,32,33,36,33,41,29,35,20,27,20,16,15,11,19,45,33,33,33,33,29,33,26,35,36,34,21,52,39,45,41,68,48,53,48,56,27,28,23,44,44,40,36,39,44,43,40,48,23,30,30,15,37,102,107,274,278,370,368,362,369,339,339,1040,1035,5102,5102]} 1. g3 d5 2. Bg2 e5 3. c4 dxc4 4. Qa4+ c6 5. Qxc4 Be6 6. Qc2 Nf6 7. Nf3 Bd6 8. O-O O-O {A00: Irregular Openings} 9. d4 (9. Nc3 Nbd7 10. d4 h6 11. Rd1 Qe7 12. h3 Rfe8 13. e4 exd4 14. Nxd4 Rad8 15. Be3 Nb6 16. f4 {1-0 (41) Andreasson,I (2326)-Rylander,D (2325) Gothenburg 2004}) 9... Nbd7 10. Rd1 $146 {[#] aiming for dxe5.} ({Predecessor:} 10. Nc3 h6 11. dxe5 Nxe5 12. Nd4 Bg4 13. Rd1 Qc7 {1-0 (23) Haessel,D (2195)-Belc,D (2064) Toronto 2006}) 10... Qe7 {White has an edge.} 11. dxe5 Nxe5 12. Nd4 Bc5 13. Nc3 Rad8 14. Nxe6 Rxd1+ 15. Nxd1 fxe6 16. e3 Nd5 17. Qe2 g5 18. h3 Qf6 19. Bd2 Nf3+ 20. Bxf3 Qxf3 21. Qxf3 Rxf3 22. Rc1 Be7 23. Kf1 Rf8 24. Ke2 Kf7 25. b3 Bf6 26. f3 Be5 27. Nf2 Nf6 28. Rg1 h6 29. Nd3 Bd6 30. Bb4 Bxb4 31. Nxb4 $11 {[%mdl 4096] Endgame KRN-KRN} Nd5 32. Nd3 Ke7 33. Rc1 Rd8 34. e4 Nf6 35. Ke3 Rc8 36. Rc2 Nd7 37. Rh2 c5 38. h4 c4 ({Black should play} 38... b5 $14) 39. bxc4 $16 {[%cal Bb3c4,Bc4c5][%mdl 32]} Nb6 $2 {[#]} (39... gxh4 $16 40. Rxh4 Rxc4) 40. c5 $18 Nd7 41. hxg5 hxg5 42. Rh7+ Kd8 43. Rg7 Rc6 $2 (43... b6 44. Rg8+ Kc7 45. Rxg5 Kc6 46. cxb6 axb6 47. Ne5+ Nxe5) 44. Rxd7+ Kxd7 45. Ne5+ {Precision: White = 76%, Black = 43%.} 1-0

[Event "71st RUS-ch Higher League 2018"]
[Site "Yaroslavl"]
[Date "2018.06.27"]
[Round "2"]
[White "Moiseenko, Vadim"]
[Black "Zakaryan, David"]
[Result "1-0"]
[WhiteElo "2517"]
[BlackElo "2387"]
[Annotator "TA"]
[PlyCount "102"]
[EventDate "2018.06.26"]
[EventType "swiss"]
[EventCountry "RUS"]
[SourceTitle "playchess.com"]
[Source "ChessBase"]
[SourceQuality "1"]

{[%evp 19,102,-32,-52,-170,-138,-133,-84,-53,-12,-57,-29,-59,-64,-55,-10,-12,-2,-2,-6,-17,-2,-63,4,0,0,0,68,48,46,40,97,97,97,97,97,95,104,104,105,105,105,105,149,136,124,0,56,56,56,56,56,56,57,58,94,66,93,57,96,98,203,178,327,327,461,435,540,467,908,856,1125,1070,2230,1992,3564,1833,29973,29974,29972,29974,29973,29974,29974,29975,29978]} 1. d4 Nf6 2. c4 c5 3. d5 b5 4. cxb5 a6 5. Nc3 axb5 6. e4 b4 7. Nb5 d6 8. Nf3 g6 9. e5 dxe5 {A57: Benko/Volga Gambit} 10. Nxe5 Bg7 {LiveBook: 15 Games} 11. d6 (11. Bc4 $15) (11. Bc4 O-O 12. O-O Bb7 13. d6 Nc6 14. Nxf7 Rxf7 15. Nc7 exd6 16. Bxf7+ Kxf7 17. Nxa8 Bxa8 18. Be3 Qe7 19. a3 bxa3 20. Rxa3 {1-0 (31) Roubalik,J (2332)-Plachetka,J (2355) Czechia 2013}) 11... O-O $19 {Black is clearly better.} 12. Be3 exd6 $146 ({Predecessor:} 12... Ne8 13. dxe7 Qxe7 14. Nc4 Bb7 15. Rg1 Bc6 16. a4 bxa3 17. Nbxa3 {0-1 (27) Starczewski,S-Klementys,J Poland 1995}) 13. Nxd6 Ne8 14. Ndc4 Nd6 15. Be2 Nxc4 16. Nxc4 Qxd1+ (16... Qe7 {feels hotter.} 17. Bf3 Ra6 18. O-O Nc6 19. Bxc6 Rxc6 20. Rc1 Ra6) 17. Rxd1 Bd4 18. Bxd4 cxd4 19. Ra1 Be6 20. Kd2 (20. Ne5 $11) 20... Nc6 ({Black should try} 20... Nd7 $15) 21. Rhc1 $11 {Strongly threatening Nb6.} Na5 22. Bd3 Rfc8 (22... Nxc4+ $11 23. Bxc4 Ra5) 23. Nb6 Rxc1 24. Rxc1 (24. Kxc1 $2 {is the wrong capture.} Rb8 $19) 24... Rb8 ({Black should play} 24... Ra7 $14) 25. Rc5 $16 Rxb6 26. Rxa5 {[%mdl 4096] Endgame KRB-KRB} Kg7 27. b3 h5 28. h4 Kf6 29. Be4 Bc8 30. Kd3 Rd6 31. Bd5 $1 Be6 32. Kxd4 (32. Bxe6 $16 Rxe6 33. Ra4 (33. Kxd4 Re2 $11)) 32... Bxd5 ({Better is} 32... Kf5 $11) 33. Rxd5 {KR-KR} Ra6 34. Rb5 Rxa2 35. Ke3 Rb2 36. Rxb4 Kf5 37. g3 Ke5 38. Re4+ Kd5 39. Rd4+ $1 Ke5 (39... Kc6 $16 {keeps fighting.}) 40. Rd3 f6 {[#]} (40... Kf5 $142 41. f3 Rg2) 41. f4+ $1 $18 Kf5 {[#]} (41... Ke6 {is a better defense.} 42. Kd4 f5) 42. Kd4 $1 {[%cal Rd4c4]} Rb1 43. Kc4 Kg4 (43... g5 $142 44. fxg5 Rc1+ 45. Rc3 Rf1 46. gxf6 Ke6) 44. b4 {[%cal Bb3b4,Bb4b5,Bb5b6][%mdl 32]} g5 45. fxg5 fxg5 46. hxg5 Kxg5 47. b5 Kg4 48. Rb3 {White mates.} Rc1+ 49. Kb4 Rc8 50. b6 Rb8 51. Kb5 Rh8 {Precision: White = 64%, Black = 22%.} 1-0

[Event "71st RUS-ch Higher League 2018"]
[Site "Yaroslavl"]
[Date "2018.06.27"]
[Round "2"]
[White "Triapishko, Alexandr"]
[Black "Okrugin, Sergey"]
[Result "1-0"]
[WhiteElo "2513"]
[BlackElo "2334"]
[Annotator "TA"]
[PlyCount "93"]
[EventDate "2018.06.26"]
[EventType "swiss"]
[EventCountry "RUS"]
[SourceTitle "playchess.com"]
[Source "ChessBase"]
[SourceQuality "1"]

{[%evp 22,93,15,-11,35,30,41,30,51,21,69,66,62,69,76,84,127,120,158,141,178,190,296,263,266,245,294,320,395,388,509,500,513,302,354,356,361,365,559,562,583,565,570,544,700,636,691,677,839,818,1372,714,688,651,492,377,398,157,210,133,2423,2118,12838,12839,12839,12839,1257,1246,29987,29988,29988,29989,29993,29994]} 1. Nf3 Nf6 2. g3 d5 3. Bg2 c6 4. O-O Bg4 5. c4 e6 6. cxd5 exd5 7. d3 Be7 8. Nc3 O-O 9. h3 Bxf3 10. Bxf3 Nbd7 11. Bg2 {A11: English Opening: 1...c6} (11. e4 dxe4 12. dxe4 Re8 13. Qc2 Bc5 14. Bg2 Qe7 15. Kh2 Bd4 16. Rd1 Qc5 17. f4 Nb6 18. a4 a5 {½-½ (32) Wang,Y (2706)-Motylev,A (2645) China 2013}) 11... Re8 12. Qc2 {LiveBook: 5 Games} h6 13. e4 {White is slightly better.} dxe4 $146 ({Predecessor:} 13... Nc5 14. e5 Nfd7 15. d4 Ne6 {1-0 (38) Badea,B (2480)-Tocchioni,D (2250) Porto San Giorgio 2000}) 14. dxe4 Bb4 15. f4 Qb6+ 16. Kh2 Bxc3 17. bxc3 Qc5 18. Re1 Qc4 {[#]} 19. Bf1 $1 {[%cal Rf1c4]} Qe6 {[%cal Rf6e4] [#]} 20. e5 $1 Nd5 21. Ba3 $36 {[%mdl 2048] Strongly threatening f5. White has strong initiative.} N7b6 (21... N5b6 {was necessary.} 22. Rad1 c5) 22. f5 $18 Qc8 23. Bd6 Nd7 24. c4 {[%cal Bc3c4,Bc4c5][%mdl 32]} N5b6 25. Rad1 Nf8 26. h4 Nh7 27. g4 Qd8 28. Kg3 Nc8 29. c5 Ne7 (29... Nf6 $142 30. Bc4 (30. exf6 Rxe1 31. Rxe1 Nxd6 $18) 30... Nd5 31. Bxd5 cxd5) 30. Bc4 Nd5 31. Rxd5 cxd5 32. Bxd5 Qa5 {[#]} 33. Bxf7+ $1 {[%mdl 512]} Kh8 (33... Kxf7 34. Qc4+) 34. Re3 Red8 {[#]} 35. g5 $1 {[%cal Bg4g5,Bg5g6][%mdl 544]} Rac8 (35... hxg5 36. hxg5) 36. g6 Rxd6 37. exd6 Nf6 38. Re5 Qb4 39. Qe2 $2 (39. Bc4 $18 {has better winning chances.}) 39... Qd4 $16 40. d7 Qxd7 $2 {[%mdl 8192]} (40... Rf8 $16) 41. Be6 $18 Qc7 42. Bxc8 Qxc8 43. Re6 Ng8 44. Qe5 {White threatens Re8 and mate.} Qd7 45. Rd6 {White mates.} Qc7 46. Kf3 Qc8 47. Qd5 {Precision: White = 69%, Black = 16%.} 1-0

[Event "71st RUS-ch Higher League 2018"]
[Site "Yaroslavl"]
[Date "2018.06.27"]
[Round "2"]
[White "Usmanov, Vasily"]
[Black "Predke, Alexandr"]
[Result "1/2-1/2"]
[WhiteElo "2477"]
[BlackElo "2613"]
[Annotator "ChessBase"]
[PlyCount "113"]
[EventDate "2018.06.26"]
[EventType "swiss"]
[EventCountry "RUS"]
[SourceTitle "playchess.com"]
[Source "ChessBase"]
[SourceQuality "1"]
[TimeControl "40/5400+30:1800+30"]

1. Nf3 {[%emt 0:00:00]} d5 {[%emt 0:01:47]} 2. c4 {[%emt 0:00:45]} e6 {[%emt 0:00:27]} 3. d4 {[%emt 0:01:55]} Nf6 {[%emt 0:01:18]} 4. g3 {[%emt 0:00:56]} dxc4 {[%emt 0:03:01]} 5. Bg2 {[%emt 0:01:00]} Bd7 {[%emt 0:05:51]} 6. Nbd2 {[%emt 0:09:31]} Bb4 {[%emt 0:09:15]} 7. O-O {[%emt 0:08:25]} Bxd2 {[%emt 0:00:14]} 8. Bxd2 {[%emt 0:02:29]} Bc6 {[%emt 0:00:06]} 9. Qc2 {[%emt 0:02:54]} b5 {[%emt 0:10:54]} 10. Bg5 {[%emt 0:06:14]} Nbd7 {[%emt 0:17:58]} 11. b3 {[%emt 0:09:01]} Be4 {[%emt 0:02:03]} 12. Qxe4 {[%emt 0:05:45]} Nxe4 {[%emt 0:00:05]} 13. Bxd8 {[%emt 0:00:05]} Rxd8 {[%emt 0:00:05]} 14. bxc4 {[%emt 0:04:09]} b4 {[%emt 0:00:06]} 15. Rfb1 {[%emt 0:01:16]} Rb8 {[%emt 0:03:39]} 16. Rb3 {[%emt 0:08:21]} a5 {[%emt 0:02:27]} 17. a3 {[%emt 0:00:04]} Ke7 {[%emt 0:04:15]} 18. c5 {[%emt 0:04:58]} f5 {[%emt 0:14:51]} 19. axb4 {[%emt 0:07:33]} Rxb4 {[%emt 0:04:34]} 20. Rba3 {[%emt 0:01:03]} g5 {[%emt 0:01:24]} 21. e3 {[%emt 0:03:16]} Rb2 {[%emt 0:04:07]} 22. Rxa5 {[%emt 0:03:51]} Rxf2 {[%emt 0:00:59]} 23. Ra7 {[%emt 0:01:11]} Rc8 {[%emt 0:01:21]} 24. Ne5 {[%emt 0:09:12]} Nxe5 {[%emt 0:01:20]} 25. Bxe4 {[%emt 0:00:05]} Rb2 {[%emt 0:00:22]} 26. Bb7 {[%emt 0:00:02]} Rb8 {[%emt 0:00:18]} 27. dxe5 {[%emt 0:00:08]} R2xb7 {[%emt 0:00:50]} 28. c6 {[%emt 0:00:04]} Rxa7 {[%emt 0:00:20]} 29. Rxa7 {[%emt 0:00:04]} Kd8 {[%emt 0:00:25]} 30. Kf2 {[%emt 0:05:00]} g4 {[%emt 0:07:36]} 31. e4 {[%emt 0:01:01]} Rb5 {[%emt 0:00:13]} 32. exf5 {[%emt 0:01:44]} Rxe5 {[%emt 0:00:04]} 33. Ra8+ {[%emt 0:00:37]} Ke7 {[%emt 0:00:03]} 34. f6+ {[%emt 0:01:16]} Kxf6 {[%emt 0:02:35]} 35. Rc8 {[%emt 0:00:04]} Rh5 {[%emt 0:00:25]} 36. Rxc7 {[%emt 0:02:22]} Rxh2+ {[%emt 0:00:20]} 37. Ke3 {[%emt 0:00:01]} Rc2 {[%emt 0:02:01]} 38. Kd3 {[%emt 0:01:00]} Rc1 {[%emt 0:00:34]} 39. Kd4 {[%emt 0:00:37]} h5 {[%emt 0:00:38]} 40. Rc8 {[%emt 0:00:00]} Kg7 {[%emt 0:01:07]} 41. Ke4 {[%emt 0:05:30]} Kf6 {[%emt 0:09:27]} 42. c7 {[%emt 0:00:26]} Ke7 {[%emt 0:00:57]} 43. Kf4 {[%emt 0:00:21]} Kd7 {[%emt 0:11:07]} 44. Rh8 {[%emt 0:00:11]} Kxc7 {[%emt 0:00:29]} 45. Rxh5 {[%emt 0:00:51]} Rc4+ {[%emt 0:00:04]} 46. Kg5 {[%emt 0:00:04]} Kd6 {[%emt 0:00:29]} 47. Rh1 {[%emt 0:02:06]} e5 {[%emt 0:02:57]} 48. Kf5 {[%emt 0:00:25]} Kd5 {[%emt 0:00:18]} 49. Rd1+ {[%emt 0:04:55]} Rd4 {[%emt 0:00:04]} 50. Ra1 {[%emt 0:00:12]} Rd2 {[%emt 0:01:42]} 51. Ra5+ {[%emt 0:00:52]} Kd4 {[%emt 0:00:02]} 52. Rxe5 {[%emt 0:01:39]} Rf2+ {[%emt 0:00:05]} 53. Ke6 {[%emt 0:00:04]} Rf3 {[%emt 0:00:28]} 54. Rg5 {[%emt 0:00:04]} Rxg3 {[%emt 0:00:05]} 55. Kf5 {[%emt 0:00:02]} Ke3 {[%emt 0:00:06]} 56. Rxg4 {[%emt 0:00:04]} Rxg4 {[%emt 0:00:03]} 57. Kxg4 {[%emt 0:00:04]} 1/2-1/2

[Event "71st RUS-ch Higher League 2018"]
[Site "Yaroslavl"]
[Date "2018.06.27"]
[Round "2"]
[White "Iskusnyh, Sergei"]
[Black "Turov, Maxim"]
[Result "0-1"]
[WhiteElo "2473"]
[BlackElo "2600"]
[Annotator "ChessBase"]
[PlyCount "78"]
[EventDate "2018.06.26"]
[EventType "swiss"]
[EventCountry "RUS"]
[SourceTitle "playchess.com"]
[Source "ChessBase"]
[SourceQuality "1"]
[TimeControl "40/5400+30:1800+30"]

1. d4 {[%emt 0:00:00]} Nf6 {[%emt 0:00:03]} 2. c4 {[%emt 0:00:00]} g6 {[%emt 0:00:06]} 3. g3 {[%emt 0:00:14]} c5 {[%emt 0:00:53]} 4. dxc5 {[%emt 0:02:34]} Qa5+ {[%emt 0:05:23]} 5. Nc3 {[%emt 0:01:07]} Qxc5 {[%emt 0:01:00]} 6. e4 {[%emt 0:03:21]} d6 {[%emt 0:03:52]} 7. Be3 {[%emt 0:03:53]} Qa5 {[%emt 0:00:35]} 8. Bg2 {[%emt 0:01:32]} Nc6 {[%emt 0:06:04]} 9. Nge2 {[%emt 0:06:13]} Ng4 {[%emt 0:15:25]} 10. Bf4 {[%emt 0:17:39]} Be6 {[%emt 0:06:29]} 11. h3 {[%emt 0:08:11]} Nf6 {[%emt 0:03:52]} 12. b3 {[%emt 0:04:14]} Bg7 {[%emt 0:00:40]} 13. Bd2 {[%emt 0:05:58]} O-O {[%emt 0:08:24]} 14. Nd5 {[%emt 0:01:59]} Qd8 {[%emt 0:00:07]} 15. O-O {[%emt 0:00:26]} Nd7 {[%emt 0:05:13]} 16. Rb1 {[%emt 0:04:41]} a6 {[%emt 0:03:57]} 17. Nef4 {[%emt 0:08:45]} Bxd5 {[%emt 0:03:50]} 18. Nxd5 {[%emt 0:14:32]} Nc5 {[%emt 0:05:32]} 19. b4 {[%emt 0:02:50]} Nd7 {[%emt 0:01:35]} 20. Be3 {[%emt 0:02:59]} a5 {[%emt 0:06:00]} 21. a3 {[%emt 0:02:26]} axb4 {[%emt 0:01:52]} 22. axb4 {[%emt 0:00:01]} e6 {[%emt 0:00:58]} 23. Nf4 {[%emt 0:00:53]} Qc7 24. c5 {[%emt 0:03:05]} dxc5 {[%emt 0:06:47]} 25. bxc5 {[%emt 0:00:02]} Rfd8 {[%emt 0:00:12]} 26. Qc1 {[%emt 0:01:32]} Bd4 27. Rb5 {[%emt 0:03:18]} Ra1 {[%emt 0:04:06]} 28. Qxa1 {[%emt 0:00:51]} Bxa1 {[%emt 0:00:09]} 29. Rxa1 {[%emt 0:00:01]} Nde5 {[%emt 0:00:11]} 30. Ne2 {[%emt 0:00:49]} Kg7 {[%emt 0:03:09]} 31. Rab1 {[%emt 0:00:49]} Rd7 {[%emt 0:00:07]} 32. Bf4 {[%emt 0:00:30]} h6 {[%emt 0:00:07]} 33. h4 {[%emt 0:00:33]} Qd8 {[%emt 0:00:27]} 34. Nc3 g5 {[%emt 0:01:19]} 35. hxg5 {[%emt 0:00:31]} hxg5 {[%emt 0:00:04]} 36. Bxe5+ {[%emt 0:00:27]} Nxe5 {[%emt 0:00:04]} 37. Rxb7 {[%emt 0:00:06]} Rxb7 {[%emt 0:00:05]} 38. Rxb7 {[%emt 0:00:02]} Qd2 {[%emt 0:00:19]} 39. Nb5 {[%emt 0:00:21]} Ng4 {[%emt 0:00:59]} 0-1

[Event "71st RUS-ch Higher League 2018"]
[Site "Yaroslavl"]
[Date "2018.06.27"]
[Round "2"]
[White "Fakhrutdinov, Timur"]
[Black "Khismatullin, Denis"]
[Result "0-1"]
[WhiteElo "2460"]
[BlackElo "2627"]
[Annotator "TA"]
[PlyCount "80"]
[EventDate "2018.06.26"]
[EventType "swiss"]
[EventCountry "RUS"]
[SourceTitle "playchess.com"]
[Source "ChessBase"]
[SourceQuality "1"]

{[%evp 15,80,29,41,29,28,16,16,0,0,-17,-10,-36,-34,-27,0,0,-10,-8,-22,-20,0,0,0,0,-2,-10,0,-101,-97,-102,-95,-110,-110,-110,-108,-112,-104,-138,-139,-152,-145,-179,-191,-227,-236,-242,-240,-236,-241,-231,-219,-234,-231,-259,-254,-312,-360,-347,-312,-405,-410,-398,-390,-455,-446,-460,-446]} 1. e4 c5 2. Nf3 e6 3. d4 cxd4 4. Nxd4 a6 5. Bd3 g6 6. O-O Bg7 7. c3 d6 8. Be3 {B42: Sizilianisch (Paulsen-Variante)} Nf6 {LiveBook: 4 Partien} 9. Nd2 O-O 10. N4b3 {Weiß hat minimalen Vorteil.} Nbd7 11. a4 b6 12. Nc4 d5 13. exd5 Nxd5 14. Bd4 {[#]} Qc7 $146 ({Vorgänger:} 14... Bxd4 15. Nxd4 {0-1 (95) Karpenko,A (2105)-Shaposhnikov,E (2552) Astrakhan 2013}) 15. Bxg7 Kxg7 16. Re1 Bb7 {[%cal Bc8b7,Bb7d5,Bd5c6][%mdl 32]} 17. Bf1 Rfd8 18. Qd4+ N5f6 {Und ...Sc5 würde nun gewinnen.} 19. Qd6 Qxd6 20. Nxd6 Bd5 $36 {[%mdl 2048] Schwarz hat Druck.} 21. c4 (21. Nc4 $11) 21... Bc6 $1 $17 22. Nd4 Nc5 23. Nxc6 Rxd6 24. Ne5 a5 $1 25. g3 Rad8 26. Reb1 Nb3 27. Ra3 Nd2 $1 {[%cal Rd2b1]} 28. Rc1 {[#]} Nfe4 $1 29. Bg2 Nc5 30. Nc6 {[#]} Ndb3 $1 {[%cal Rb3c1]} 31. Rf1 R8d7 32. Ne5 Rc7 33. f4 f6 34. Ng4 Rcd7 35. h4 Rd2 36. Rf2 h5 37. Ne3 Rxf2 38. Kxf2 Rd2+ 39. Kg1 Re2 40. Nf1 Rxb2 {Precision: Weiß = 45%, Schwarz = 89%.} 0-1

[Event "71st RUS-ch Higher League 2018"]
[Site "Yaroslavl"]
[Date "2018.06.27"]
[Round "2"]
[White "Gaifullin, Artur"]
[Black "Shaposhnikov, Evgeny"]
[Result "0-1"]
[WhiteElo "2448"]
[BlackElo "2572"]
[Annotator "RC"]
[PlyCount "118"]
[EventDate "2018.06.26"]
[EventType "swiss"]
[EventCountry "RUS"]
[SourceTitle "playchess.com"]
[Source "ChessBase"]
[SourceQuality "1"]
[TimeControl "40/5400+30:1800+30"]

1. d4 {[%emt 0:00:00]} Nf6 {[%emt 0:00:08]} 2. c4 {[%emt 0:00:00]} e6 {[%emt 0:00:15]} 3. Nf3 {[%emt 0:00:00]} b6 {[%emt 0:00:13]} 4. a3 {[%emt 0:00:00]} Bb7 {[%emt 0:01:09]} 5. Nc3 {[%emt 0:00:00]} g6 {[%emt 0:00:22]} 6. d5 {[%emt 0:01:55]} Bg7 {[%emt 0:00:40]} 7. e4 {[%emt 0:03:33]} O-O {[%emt 0:02:15]} 8. Be2 {[%emt 0:00:30]} exd5 {[%emt 0:00:17]} 9. exd5 {[%emt 0:00:02]} c6 {[%emt 0:00:45]} 10. O-O {[%emt 0:02:27]} cxd5 {[%emt 0:02:05]} 11. cxd5 {[%emt 0:00:36]} Na6 {[%emt 0:00:40]} 12. Bf4 {[%emt 0:05:11]} Nc5 {[%emt 0:01:54]} 13. Rc1 {[%emt 0:09:47]} Re8 {[%emt 0:02:23]} 14. Bc4 {[%emt 0:04:58]} Nfe4 {[%emt 0:03:06]} 15. Nxe4 {[%emt 0:01:36]} Nxe4 {[%emt 0:00:44]} 16. Rc2 {[%emt 0:10:36]} Rc8 {[%emt 0:07:23]} 17. Re1 {[%emt 0:15:00]} Nc3 {[%emt 0:19:18]} 18. Qd3 {[%emt 0:22:14]} Rxe1+ {[%emt 0:13:18]} 19. Nxe1 {[%emt 0:00:05]} Qe8 {[%emt 0:06:05]} 20. Be3 {[%emt 0:11:52]} Na4 {[%emt 0:03:48]} 21. Qe2 {[%emt 0:06:05]} Nxb2 {[%emt 0:03:50]} 22. Bb3 {[%emt 0:01:34]} Rxc2 {[%emt 0:02:05]} 23. Qxc2 {[%emt 0:00:01]} Qe5 {[%emt 0:02:01]} 24. Nf3 {[%emt 0:00:40]} Qc3 {[%emt 0:01:03]} 25. Qxc3 {[%emt 0:00:06]} Bxc3 {[%emt 0:00:01]} 26. Ng5 {[%emt 0:00:47]} Ba6 {[%emt 0:03:31]} 27. Ne4 {[%emt 0:00:48]} Bg7 {[%emt 0:02:03]} 28. Nd2 {[%emt 0:00:38]} Bb5 {[%emt 0:00:49]} 29. Bf4 {[%emt 0:00:30]} a5 {[%emt 0:05:56]} 30. Bc7 {[%emt 0:00:24]} a4 {[%emt 0:01:12]} 31. Bc2 {[%emt 0:00:43]} Bd4 {[%emt 0:03:23]} 32. Bd6 {[%emt 0:01:17]} f5 {[%emt 0:03:19]} 33. h4 {[%emt 0:01:00]} Bd3 {[%emt 0:03:25]} 34. Bxd3 {[%emt 0:00:19]} Nxd3 {[%emt 0:00:03]} 35. Kf1 {[%emt 0:00:12]} Bxf2 {[%emt 0:03:04]} 36. Ke2 {[%emt 0:01:05]} Bc5 {[%emt 0:00:28]} 37. Bc7 {[%emt 0:01:02]} Nc1+ {[%emt 0:01:10]} 38. Kd1 {[%emt 0:00:05]} Nb3 {[%emt 0:00:21]} 39. Nb1 {[%emt 0:00:50]} b5 {[%emt 0:02:33]} 40. Nc3 {[%emt 0:00:00]} Bxa3 {[%emt 0:00:42]} 41. Nxb5 {[%emt 0:00:39]} Be7 {[%emt 0:01:02]} 42. Kc2 {[%emt 0:03:21]} Bxh4 {[%emt 0:01:14]} 43. Nc3 {[%emt 0:00:04]} Nc5 {[%emt 0:00:43]} 44. Bb6 {[%emt 0:00:08]} Be7 {[%emt 0:00:32]} 45. Bxc5 {[%emt 0:00:56]} Bxc5 {[%emt 0:00:04]} 46. Nxa4 {[%emt 0:00:03]} Ba7 {[%emt 0:00:27]} 47. Nc3 {[%emt 0:00:16]} Kf7 {[%emt 0:00:07]} 48. Nb5 {[%emt 0:00:06]} Bc5 {[%emt 0:00:08]} 49. Kd3 {[%emt 0:00:04]} Kf6 {[%emt 0:00:12]} 50. Kc4 {[%emt 0:00:22]} d6 {[%emt 0:00:33]} 51. Nc7 {[%emt 0:00:05]} h5 {[%emt 0:00:24]} 52. Ne6 {[%emt 0:00:34]} Bf2 {[%emt 0:00:18]} 53. Kd3 {[%emt 0:00:14]} g5 {[%emt 0:00:26]} 54. Ke2 {[%emt 0:00:07]} Bb6 {[%emt 0:00:15]} 55. Nf8 {[%emt 0:00:06]} Ba7 {[%emt 0:01:28]} 56. Nh7+ {[%emt 0:00:46]} Kg6 {[%emt 0:00:13]} 57. Nf8+ {[%emt 0:00:05]} Kg7 {[%emt 0:00:06]} 58. Ne6+ {[%emt 0:00:05]} Kf6 {[%emt 0:00:04]} 59. Nd8 {[%emt 0:00:46]} h4 {[%emt 0:01:57]} 0-1

[Event "71st RUS-ch Higher League 2018"]
[Site "Yaroslavl"]
[Date "2018.06.27"]
[Round "2"]
[White "Vastrukhin, Oleg"]
[Black "Alekseenko, Kirill"]
[Result "0-1"]
[WhiteElo "2420"]
[BlackElo "2621"]
[Annotator "ChessBase"]
[PlyCount "72"]
[EventDate "2018.06.26"]
[EventType "swiss"]
[EventCountry "RUS"]
[SourceTitle "playchess.com"]
[Source "ChessBase"]
[SourceQuality "1"]
[TimeControl "40/5400+30:1800+30"]

1. Nf3 {[%emt 0:00:00]} c5 {[%emt 0:00:27]} 2. g3 {[%emt 0:00:00]} Nc6 {[%emt 0:00:19]} 3. Bg2 {[%emt 0:00:34]} g6 {[%emt 0:00:27]} 4. c4 {[%emt 0:03:39]} Bg7 {[%emt 0:00:29]} 5. Nc3 {[%emt 0:00:10]} d6 {[%emt 0:00:40]} 6. O-O {[%emt 0:00:25]} Bf5 {[%emt 0:00:16]} 7. d3 {[%emt 0:02:09]} Qd7 {[%emt 0:00:36]} 8. Bd2 {[%emt 0:01:30]} Bh3 {[%emt 0:00:52]} 9. Rb1 {[%emt 0:01:36]} h5 {[%emt 0:18:15]} 10. Bxh3 {[%emt 0:06:25]} Qxh3 {[%emt 0:00:07]} 11. Ng5 {[%emt 0:00:03]} Qd7 {[%emt 0:00:48]} 12. h4 {[%emt 0:00:13]} Nh6 {[%emt 0:01:57]} 13. Nd5 {[%emt 0:04:32]} O-O {[%emt 0:02:52]} 14. e3 {[%emt 0:11:04]} e6 {[%emt 0:04:29]} 15. Nf4 {[%emt 0:09:01]} Rab8 {[%emt 0:05:12]} 16. Bc3 {[%emt 0:12:36]} Ne5 {[%emt 0:00:28]} 17. Qe2 {[%emt 0:03:24]} b5 {[%emt 0:05:53]} 18. cxb5 {[%emt 0:05:16]} Qxb5 {[%emt 0:01:32]} 19. d4 {[%emt 0:02:18]} cxd4 {[%emt 0:01:41]} 20. Bxd4 {[%emt 0:04:08]} Qa4 {[%emt 0:03:43]} 21. b3 {[%emt 0:03:04]} Qa3 {[%emt 0:00:12]} 22. Rfc1 {[%emt 0:03:14]} Rfc8 {[%emt 0:02:05]} 23. Qb2 {[%emt 0:06:46]} Qa6 {[%emt 0:00:57]} 24. e4 {[%emt 0:03:15]} Qb7 {[%emt 0:07:51]} 25. Qe2 {[%emt 0:02:28]} a5 {[%emt 0:00:29]} 26. f3 {[%emt 0:03:33]} Nxf3+ {[%emt 0:05:34]} 27. Nxf3 {[%emt 0:00:05]} e5 {[%emt 0:00:09]} 28. Bxe5 {[%emt 0:10:38]} Bxe5 {[%emt 0:01:15]} 29. Nxe5 {[%emt 0:01:52]} dxe5 {[%emt 0:00:05]} 30. Nd5 {[%emt 0:00:03]} Ng4 {[%emt 0:00:09]} 31. Kg2 {[%emt 0:00:56]} Kg7 {[%emt 0:00:23]} 32. Rxc8 {[%emt 0:00:32]} Rxc8 {[%emt 0:00:09]} 33. Re1 {[%emt 0:00:27]} Rc5 {[%emt 0:01:06]} 34. Qf3 {[%emt 0:00:26]} Qa6 {[%emt 0:01:49]} 35. Re2 {[%emt 0:00:37]} Rc1 {[%emt 0:00:15]} 36. Ne3 {[%emt 0:00:20]} Rc3 {[%emt 0:00:19]} 0-1